<?xml version="1.0" encoding="UTF-8"?>
<record
    xmlns:xsi="http://www.w3.org/2001/XMLSchema-instance"
    xsi:schemaLocation="http://www.loc.gov/MARC21/slim http://www.loc.gov/standards/marcxml/schema/MARC21slim.xsd"
    xmlns="http://www.loc.gov/MARC21/slim">

  <leader>01637nam a22001217a 4500</leader>
  <datafield tag="999" ind1=" " ind2=" ">
    <subfield code="c">68227</subfield>
    <subfield code="d">68224</subfield>
  </datafield>
  <datafield tag="100" ind1=" " ind2=" ">
    <subfield code="a">Chandio, Suhail Mustafa </subfield>
    <subfield code="a">14MPE07</subfield>
    <subfield code="a">Supervisor - Dr. Suhail Khokhar</subfield>
  </datafield>
  <datafield tag="245" ind1=" " ind2=" ">
    <subfield code="a">computational Intelligence based Dedection and Classification of Fault in Transmission Line</subfield>
  </datafield>
  <datafield tag="260" ind1=" " ind2=" ">
    <subfield code="a">Nawabshah:</subfield>
    <subfield code="b">QUEST,</subfield>
    <subfield code="c">2017.</subfield>
  </datafield>
  <datafield tag="300" ind1=" " ind2=" ">
    <subfield code="a">70p.</subfield>
  </datafield>
  <datafield tag="500" ind1=" " ind2=" ">
    <subfield code="a">ABSTRACT

The largest physical length of transmission network in Pakistan makes it the most critical part of the power system. The fast recognition of fault and events in transmission line has a significant role in order to prevent equipment damage and collapse of power system. The signal-processing and computational-intelligence based techniques have been proposed in literature for automatic classification of faults and events in transmission network. In this thesis, wavelet transform based probabilistic neural network has been proposed for the identification and classification of faults in overhead transmission network. The symmetrical and unsymmetrical short circuit faults are individually created at various fault resistances and fault locations. The wavelet transform is used to extract t he features in order to distinguish the type of faults. The probabilistic neural network is used to automatically classify the type of faults. A real-time transmission network of Pakistan is proposed for simulation of faults. This algorithm has been created i n MATLAB/Simulink software. The simulation results show that the proposed algorithm is efficient and reliable for automatic classification of faults in electrical power system.
</subfield>
  </datafield>
  <datafield tag="856" ind1=" " ind2=" ">
    <subfield code="u">https://tinyurl.com/fkchdmk4</subfield>
  </datafield>
  <datafield tag="942" ind1=" " ind2=" ">
    <subfield code="c">THESIS</subfield>
  </datafield>
  <datafield tag="952" ind1=" " ind2=" ">
    <subfield code="0">0</subfield>
    <subfield code="1">0</subfield>
    <subfield code="4">0</subfield>
    <subfield code="7">0</subfield>
    <subfield code="a">RESEARCH</subfield>
    <subfield code="b">RESEARCH</subfield>
    <subfield code="d">2023-06-06</subfield>
    <subfield code="l">0</subfield>
    <subfield code="p">MP/30-336</subfield>
    <subfield code="r">2023-06-06 00:00:00</subfield>
    <subfield code="y">THESIS</subfield>
  </datafield>
</record>
